10 Most Populous Cities that Start with E - Statistics

General Stats
  • This quiz has been taken 16 times
  • The average score is 3 of 10
Answer Stats
Hint Answer % Correct
712,391 Edmonton
93%
681,124 El Paso
67%
593,085 Essen
53%
932,800 Erbil
47%
478,676 East London
33%
688,862 Enugu
27%
1,655,015 Ecatepec de Morelos
13%
514,869 Eskisehir
13%
535,619 Ebute Ikorodu
0%
520,235 Esenler
0%
No matching quizzes found
Score Distribution
Percent of People with Each Score
Percentile by Number Answered
Your Score History
You have not taken this quiz